000 00621nam a22002537a 4500
003 UA-OsUOA
001 25889
007 ta
008 20040429b un ||||| |||| 00| 0 ukr d
100 _aСухомлинский В.А.
090 _a37.011
_bС91
942 _cBK
040 _aUA-OsUOA
_brus
_cUA-OsUOA
_dUA-OsUOA
245 _aСердце отдаю детям
300 _a382 с.
_bІлюстрації
955 _a0
041 _arus
080 _a37.011
260 _aКиев
_bРадянська школа
_c1977
044 _aUA
250 _n5-е изд.
650 7 _2UDC
999 _c312194
_d312194